00357nam a22001097a 4500008004100000020001800041082001900059100001700078245008000095260005300175300001900228220610b |||||||| |||| 00| 0 eng d a9789514108853 a235.2 VAL 2001 aValk, Ülo  aThe black gentleman : manifestations of the devil in Estonian folk religion aHelsinki : bSuomalainen tiedeakatemia, c 2001. a217 p.c23 cm.